000 00233nam a22000857a 4500
008 170626b xxu||||| |||| 00| 0 eng d
100 _93702
_aMalhotra. S
245 _aPhysics Question Bank- XII
260 _aNew Delhi
_bTata publication
_c2009
999 _c7123
_d7123